000 00698nam a2200265Ia 4500
001 9482
005 20240113234210.0
007 ta
008 050726s1998 a g b000 u asm u
020 _cHB
040 _aCotton College Assam
041 _aasm
082 _a891.41408
_bBh 469 Ar
100 _aBhattacharyya, Nitya .
245 0 _aArdha Shatabdir Chinta /
_cNitya Bhattacharyya.
_hTextual Documents
250 _a1st ed /
260 _aGuwahati :
_bSmiti Chandra ,
_c1998.
300 _a237p. :
_bill. ;
_c21cm. .
653 _aAssamese Essay Collection
653 _aT/G-Assamese
942 _2ddc
_cBK
999 _c9469
_d9469